000 00710nam a22002417a 4500
005 20170124110116.0
010 _aA-905366
020 _c00.00
_a817439012
035 _aA-905366
037 _bCen Lib/Ret
040 _aDPL
_bEN
082 _a920
_bROL
100 _aRolkka, Gail Meyer
_930081
245 _a100 Women who shaped world history /
_cby Gail Meyer Rolkka
260 _aNew Delhi
_bGemini Books
_c1996
270 _aWadson House,B-57,Soami Nagar Panchsheel Park
_bNew Delhi
_e110017
300 _a112p. :
_c22cm(Hb)
_bill.
500 _aIncludes index
650 _aWomen
_930082
650 _aWomen--Biography
_930083
700 _929916
942 _2ddc
_cEN
_h920
_mROL
999 _c130779
_d130779